La riña de gallos. La India, Grecia, Roma, Europa; Norte y Sudamérica
Guardat en:
| Autors principals: | , |
|---|---|
| Format: | Llibre |
| Idioma: | espanyol |
| Publicat: |
Santiago
Universitarias de Valparaíso
1979
|
| Edició: | 1a. ed |
| Matèries: | |
| Etiquetes: |
Afegir etiqueta
Sense etiquetes, Sigues el primer a etiquetar aquest registre!
|
MARC
| LEADER | 00000nam a2200000 a 4500 | ||
|---|---|---|---|
| 001 | UCQ7388 | ||
| 003 | CL-VaPUC | ||
| 005 | 20240924105139.0 | ||
| 008 | 981107e19790000CL |||||||||||||||||spa|d | ||
| 999 | |c 277064 |d 277062 | ||
| 040 | |c Pontificia Universidad Católica de Valparaíso | ||
| 082 | 0 | 4 | |a 791.8 |b FAB |2 21 |
| 100 | 0 | |a Fabres Guzmán, Carlos |e author |9 421250 | |
| 245 | 1 | 3 | |a La riña de gallos. La India, Grecia, Roma, Europa; Norte y Sudamérica |
| 250 | |a 1a. ed | ||
| 260 | |a Santiago |b Universitarias de Valparaíso |c 1979 | ||
| 300 | |a 153 p | ||
| 583 | |a last modification |c 19981107 00:00:00 |k Rodrigo Vera | ||
| 600 | 0 | |a Neruda, Pablo, |d 1904-1973 |e autor |9 471955 | |
| 600 | 0 | |a Lihn Carrasco, Enrique, |d 1929-1988 |9 860652 | |
| 600 | 0 | |a Rokha, Pablo de, |d 1894-1968 |9 879664 | |
| 650 | 7 | |a PELEA DE GALLOS |2 CL-VaPUC |9 421252 | |
| 650 | 7 | |a REPRESENTACIONES ESCENICAS |2 CL-VaPUC |9 421253 | |
| 650 | 0 | |a Animales domésticos |9 344850 | |
| 650 | 7 | |a GALLOMAQUIA |2 CL-VaPUC |9 421255 | |
| 650 | 7 | |a JUEGOS TRADICIONALES |2 CL-VaPUC |9 421256 | |
| 650 | 0 | |a Bibliografías |9 257071 | |
| 650 | 0 | |a Glosarios |9 261047 | |
| 650 | 0 | |a Lexicografía |9 321487 | |
| 650 | 0 | |a Iconografía |9 267998 | |
| 700 | 0 | |a Uribe Echevarría, Juan |e author |9 421251 | |
| 942 | |c BK |2 ddc | ||
| 945 | |d 19981107 00:00:00 |a crobeson | ||
| 952 | |0 0 |1 0 |4 0 |6 791_800000000000000_FAB_1979 |7 0 |8 P |9 314783 |a BIBEDU |b BIBEDU |c BIBEDU_PB |d 2019-11-20 |i 1489305 |o 791.8 FAB 1979 |p 1489305 |r 2024-01-25 |w 2019-11-20 |y BK |k LIT | ||
| 952 | |0 0 |1 0 |4 0 |6 791_800000000000000_FAB_1979 |7 0 |8 X |9 314784 |a FDOBUD |b FDOBUD |d 2019-11-20 |i 1059025 |o 791.8 FAB 1979 |p 1059025 |r 2019-11-20 |w 2019-11-20 |y BK_X |k BUD | ||